როგორ ვიყოთ ბედნიერი ოჯახში / (ბიბ.ჩანაწერი № 53047)
[ მარტივი ფორმატი ]
| 000 -ლიდერი | |
|---|---|
| ფიქსირებული სიგრძის საკონტროლო ველი | 01415nam a2200277Ia 4500 |
| 001 - საკონტროლო ნომერი | |
| საკონტროლო ველი | 20084 |
| 003 - საკონტროლო ნომრის იდენტიფიკატორი | |
| საკონტროლო ველი | GE_BSU |
| 005 - ბოლო ოპერაციის თარიღი და დრო | |
| საკონტროლო ველი | 20250410121818.0 |
| 008 - ფიქსირებული სიგრძის მონაცემთა ელემენტები - ზოგადი ინფორმაცია | |
| ფიქსირებული სიგრძის საკონტროლო ველი | 181216s2016||||ge |||||||||||||| ||geo|| |
| 020 ## - წიგნის საერთაშორისო სტანდარტული ნომერი | |
| International Standard Book Number | 9789941085918 |
| 040 ## - კატალოგიზაციის წყარო | |
| Transcribing agency | GE_BSU |
| 041 ## - ენის კოდი | |
| Language code of text/sound track or separate title | geo |
| 080 ## - უნივერსალური ათობითი კლასიფიკაციის ინდექსი | |
| Universal Decimal Classification number | 316.6კ-29 |
| 100 ## - მთავარი ჩანაწერი - პიროვნების სახელი | |
| Personal name | კარნეგი, დეილ |
| 9 (RLIN) | 15326 |
| 245 ## - ცნობა სათაურის შესახებ | |
| Title | როგორ ვიყოთ ბედნიერი ოჯახში / |
| Statement of responsibility, etc | დეილ კარნეგი,მთარგმნელები: ნინა და მარინა თურმანიძეები ; რედ. თამაზ თურმანიძე. |
| 264 ## - წარმოების, გამოცემის, დისტრიბუციის და სხვა ცნობები | |
| გამოცემის, წარმოების, დისტრიბუციის... ადგილი | თბილისი : |
| გამოცემის, წარმოების, დისტრიბუციის... სახელწოდება | პეგა, |
| გამოცემის, წარმოების, დისტრიბუციის... თარიღი | 2016. |
| 300 ## - ფიზიკური აღწერა | |
| Extent | 230 გვ. ; |
| Other physical details | 20 სმ. |
| 653 ## - INDEX TERM--UNCONTROLLED | |
| Uncontrolled term | ოჯახური ცხოვრება. ოჯახის სოციოლოგია. |
| 653 ## - INDEX TERM--UNCONTROLLED | |
| Uncontrolled term | როგორ ვიყოთ ბედნიერი ოჯახში |
| 653 ## - INDEX TERM--UNCONTROLLED | |
| Uncontrolled term | How to be happy in the family |
| 653 ## - INDEX TERM--UNCONTROLLED | |
| Uncontrolled term | Как быть счастливым в семье |
| 700 ## - ADDED ENTRY--PERSONAL NAME | |
| Personal name | თურმანიძე, ნინა |
| Relator term | მთარგმნელი |
| 9 (RLIN) | 24749 |
| 700 ## - ADDED ENTRY--PERSONAL NAME | |
| Personal name | თურმანიძე, მარინა |
| Relator term | მთარგმნელი |
| 9 (RLIN) | 11864 |
| 700 ## - ADDED ENTRY--PERSONAL NAME | |
| Personal name | თურმანიძე, თამაზ |
| Relator term | რედაქტორი |
| 9 (RLIN) | 11865 |
| 942 ## - ADDED ENTRY ELEMENTS (KOHA) | |
| Koha item type | წიგნი |
| Source of classification or shelving scheme | |
| ჩამოწერის სტატუსი | დაკარგული ეგზემპლარის სტატუსი | კლასიფიკაციის წყარო ან თაროზე გაწყობის სქემა | დაზიანების სტატუსი | არ გაიცემა | მუდმივი მდებარეობა (დაცვის ადგილი) | ამჟამინდელი ადგილსამყოფელი | თაროზე განთავსების ადგილი | შეძენის თარიღი | ღირებულება, შესყიდვის ნორმალური ფასი | სრული შენახვის შიფრი | შტრიხკოდი | ბოლო ოპერაციის თარიღი | ეგზემპლარის მიმდევრობითი ნომერი (კეტერი?) | ფასის ძალაში შესვლის თარიღი | ეგზემპლარის სახეობა | საჯარო შენიშვნა | Uniform Resource Identifier |
|---|---|---|---|---|---|---|---|---|---|---|---|---|---|---|---|---|---|
| ბათუმის შოთა რუსთაველის სახელმწიფო უნივერსიტეტის მთავარი ბიბლიოთეკა | ბათუმის შოთა რუსთაველის სახელმწიფო უნივერსიტეტის მთავარი ბიბლიოთეკა | წიგნსაცავი | 2018-12-17 | 11.00 | 316.6კ-29 | 27897 | 2018-12-17 | 27897 | 2018-12-17 | წიგნი | 11.00 | ||||||
| ბათუმის შოთა რუსთაველის სახელმწიფო უნივერსიტეტის მთავარი ბიბლიოთეკა | ბათუმის შოთა რუსთაველის სახელმწიფო უნივერსიტეტის მთავარი ბიბლიოთეკა | წიგნსაცავი | 2025-04-10 | 11.00 | 316.6კ-29 | 71102 | 2025-04-10 | 71102 | 2025-04-10 | წიგნი | 11.00 | ნაჩუქარი | |||||
| ბათუმის შოთა რუსთაველის სახელმწიფო უნივერსიტეტის მთავარი ბიბლიოთეკა | ბათუმის შოთა რუსთაველის სახელმწიფო უნივერსიტეტის მთავარი ბიბლიოთეკა | წიგნსაცავი | 2025-04-10 | 11.00 | 316.6კ-29 | 71103 | 2025-04-10 | 71103 | 2025-04-10 | წიგნი | 11.00 | ნაჩუქარი | |||||
| ბათუმის შოთა რუსთაველის სახელმწიფო უნივერსიტეტის მთავარი ბიბლიოთეკა | ბათუმის შოთა რუსთაველის სახელმწიფო უნივერსიტეტის მთავარი ბიბლიოთეკა | წიგნსაცავი | 2025-04-10 | 11.00 | 316.6კ-29 | 71104 | 2025-04-10 | 71104 | 2025-04-10 | წიგნი | 11.00 | ნაჩუქარი | |||||
| ბათუმის შოთა რუსთაველის სახელმწიფო უნივერსიტეტის მთავარი ბიბლიოთეკა | ბათუმის შოთა რუსთაველის სახელმწიფო უნივერსიტეტის მთავარი ბიბლიოთეკა | წიგნსაცავი | 2025-04-10 | 316.6კ-29 | 71105 | 2025-04-10 | 71105 | 2025-04-10 | წიგნი | 11.00 | ნაჩუქარი | ||||||
| ბათუმის შოთა რუსთაველის სახელმწიფო უნივერსიტეტის მთავარი ბიბლიოთეკა | ბათუმის შოთა რუსთაველის სახელმწიფო უნივერსიტეტის მთავარი ბიბლიოთეკა | წიგნსაცავი | 2025-04-10 | 11.00 | 316.6კ-29 | 71106 | 2025-04-10 | 71106 | 2025-04-10 | წიგნი | 11.00 | ||||||
| ბათუმის შოთა რუსთაველის სახელმწიფო უნივერსიტეტის მთავარი ბიბლიოთეკა | ბათუმის შოთა რუსთაველის სახელმწიფო უნივერსიტეტის მთავარი ბიბლიოთეკა | წიგნსაცავი | 2025-04-10 | 11.00 | 316.6კ-29 | 71107 | 2025-04-10 | 71107 | 2025-04-10 | წიგნი | 11.00 | ნაჩუქარი |
